| 000 | 00316nam a2200121Ia 4500 | ||
|---|---|---|---|
| 008 | 230907s9999||||xx |||||||||||||| ||und|| | ||
| 082 |
_a670 _bWRI |
||
| 100 |
_aWright, John _954858 |
||
| 245 | 0 | _aIntroduction to materials & processes / | |
| 260 |
_aDelmar, _bAlbany : _c1996 |
||
| 300 | _axiv, 501 p. : | ||
| 942 | _cBK | ||
| 999 |
_c597956 _d597956 |
||